| 000 | 01067nam a2200289Ia 4500 | ||
|---|---|---|---|
| 003 | URS | ||
| 005 | 20260120083959.0 | ||
| 008 | 240604t2020 ph ||||| |||| 00| 0 eng d | ||
| 020 | _a9786210403756 | ||
| 040 |
_cDLC _erda _bEnglish _aDLC _dDLC _dURS |
||
| 050 | 1 | 4 |
_aLB598 _b.C8347 2020 |
| 082 |
_a372.7 _bC8347 2020 |
||
| 100 |
_aGusano, Riza C., _eauthor. |
||
| 245 | 0 | 2 |
_aA Course module for : _bteaching math in the intermediate grades / _cRiza C. Gusano...[and four others]. |
| 264 | 1 |
_aManila : _bRex Book Store, _c©2020. |
|
| 300 |
_avi, 154 pages ; _c26 cm. |
||
| 336 |
_atext _2rdacontent _btxt |
||
| 337 |
_aunmediated _2rdamedia _bn |
||
| 338 |
_avolume _2rdacarrier _bnc |
||
| 504 | _aIncludes bibliographical references (pages 147-148), and indexes. | ||
| 650 | 0 |
_aMathematics _xStudy and teaching (Elementary). _91165 |
|
| 700 |
_aMasangkay, Mark Zoel J., _eauthor. _91162 |
||
| 700 |
_aRocena, Lady Angela M., _eauthor. _91163 |
||
| 700 |
_aUnida, Melanie C., _eauthor. _91164 |
||
| 700 |
_aPawilen, Greg Tabios., _ecoordinator. _91160 |
||
| 942 |
_cF _2lcc |
||
| 999 |
_c57019 _d57019 |
||